Responses for show #8390 - Friday, April 30, 2021

Last game with Anderson Cooper as guest host.
Champion's winnings & consolation amounts matched to Justice Defenders.

Contestants

[<< previous game]

Andy Goldstein, a customer support manager originally from Teaneck, New Jersey

Sheila O'Donnell, an attorney from Euclid, Ohio

Emily Sands, a vice president of operations from Chanhassen, Minnesota (whose 1-day cash winnings total $36,600)

[next game >>]

Jeopardy! Round responses

ALPHABETICALLY FIRST
2020 VISION
7-LETTER ANIMALS
AFRICAN AMERICAN MEMOIRS
TIME TRAVELIN' MOVIES
AROUND LOS ANGELES
    $200 2
(Sheila: What is Aries?)

Aquarius

EmilySheila
    $200 12
murder hornets

Sheila
    $200 15
a lemming

Sheila
    $200 7
Tuskegee

Emily
    $200 1
Back to the Future

Sheila
    $200 23
Santa Monica

Emily
    $400 13
Algeria

Emily
    $400 18
(Anderson: That's right, there's not a lot of them, good pick.)

Luxembourg

Emily
    $400 16
(Andy: What is a mountain lion?)
(Emily: What is a cougar?)

panther

EmilyAndy
Triple Stumper
    $1,800 8
Clarence Thomas

Emily
    $400 3
[NOTE: Emily did not include the article in her response.]

The Terminator

Emily
    $400 24
(Sheila: What is hip hop?)

jazz

Sheila
Triple Stumper
    $600 14
(Emily: What is center field?)

catcher

EmilySheila
    $600 19
David Grohl

Sheila
    $600 17
(Andy: What is an antelope?)

a gazelle

Andy
Triple Stumper
    $600 9
Issa Rae

Emily
    $600 4
Field of Dreams

Andy
    $600 25
(Emily: LOS ANGELES for $800.)
(Anderson: Less than a minute.)

Rebel Without a Cause

Emily
    $800 22
grande

Andy
    $800 20
Arizona

Sheila
    $800 27
a polecat

Triple Stumper
    $800 10
(Andy: Who is, uh, uh, Ver-- um...)

Vernon Jordan

Andy
Triple Stumper
    $800 5
(Pavel) Chekov

Andy
    $800 26
the Hollywood Sign

Sheila
    $1000 28
Acts

Emily
    $1000 21
(Andy: What is Ukraine?)

Belarus

Andy
Triple Stumper
    $1000 29
[The end-of-round signal sounds.]

a wallaby

Emily
    $1000 11
the World and Me

Emily
    $1000 6
Bill & Ted

Emily

Scores at the first commercial break (after clue 16):

Emily Sheila Andy
$4,600 $1,000 $200

Scores at the end of the Jeopardy! Round:

Emily Sheila Andy
$7,800 $2,800 -$600

Double Jeopardy! Round responses

GLADIATORS
LIGHTHOUSES
SACRED BOOKS
RANKS & TITLES
ROCK, PAPER, SCISSORS
SEE 3 "P", "O"
(Anderson: Each response has three "P"s and one "O".)
    $400 17
a sword

Andy
    $400 21
Maine

Emily
    $400 13
fire

Emily
    $400 24
(Andy: RANKS for 8.)
(Anderson: Less than a minute.)

first lady

Andy
    $400 1
run

Andy
    $400 3
pepperoni

Andy
    $800 18
thumbs down

Andy
    $8,000 14
(Emily: Who is Methuselah?)

Jesus, son of Mary

Emily
    $800 25
the Communist Party

Emily
    $800 2
planes

Sheila
    $800 5
(Andy: What is approved?)

preapproved

EmilyAndy
    $1200 19
a tunnel

Sheila
    $1200 29
[The end-of-round signal sounds.]

Papua New Guinea

Emily
    $1200 15
(Andy: What is a, um, yogi?)

a guru

EmilyAndy
    $1200 9
headmaster

Emily
    $1200 4
The Rolling Stones

Emily
    $1200 6
the Puppy Bowl

Emily
    $1600 28
a trident

Emily
    $4,000 22
Alexandria

Emily
    $1600 16
Shinto(ism)

Andy
    $1600 10
(Andy: What is duke?)

marquess

SheilaAndy
    $1600 11
The Velvet Underground

Andy
    $1600 7
inappropriate

Emily
    $2000 27
Commodus

Emily
    $2000 23
(Emily: What are the Outer Banks?)

(Cape) Hatteras

EmilySheila
    $2000 20
the Book of Mormon

Andy
    $2000 26
(Andy: What is admiral?)

fleet

Andy
Triple Stumper
    $2000 12
the Sunday papers

Andy
    $2000 8
copperplate

Triple Stumper

Scores at the end of the Double Jeopardy! Round:

Emily Sheila Andy
$15,400 $8,400 $3,400

[wagering suggestions for these scores]

Final Jeopardy! Round responses

BOOKS & AUTHORS
(Anderson: Noland is the deadly desert that surrounds Oz.)
AndyWho is And
$3,400
SheilaWho is Roald Dahl?
$1,500
EmilyWho is Baum?
$1,401
(Lyman Frank) Baum

Final scores:

Emily Sheila Andy
$16,801 $6,900 $0
2-day champion: $53,401 2nd place: $2,000 3rd place: $1,000

Game dynamics:

Coryat scores:

Emily Sheila Andy
$19,600 $8,400 $3,400
26 R
(including 2 DDs),
4 W
(including 1 DD)
11 R,
2 W
12 R,
8 W

Combined Coryat: $31,400

The J! Archive is created by fans, for fans. The Jeopardy! game show and all elements thereof, including but not limited to copyright and trademark thereto, are the property of Jeopardy Productions, Inc. and are protected under law. This website is not affiliated with, sponsored by, or operated by Jeopardy Productions, Inc. Join the discussion at JBoard.tv.